Secure communicating systems : Design, analysis, and implementation

This volume details what every computer scientist ought to know about cryptographic systems, security protocols, and secure information flow in programs. Highlights include discussions of the new advanced encryption standard "Rijndael"; an optimal public-key encryption using RSA which turn...

Полное описание

Сохранить в:
Библиографические подробности
Главный автор: Huth, Michael
Формат:
Язык:Undetermined
Опубликовано: Cambridge UK Cambridge University Press 2001
Предметы:
Метки: Добавить метку
Нет меток, Требуется 1-ая метка записи!
Thư viện lưu trữ: Trung tâm Học liệu Trường Đại học Cần Thơ
LEADER 01148nam a2200241Ia 4500
001 CTU_167579
008 210402s9999 xx 000 0 und d
020 |c 65 
082 |a 005.8 
082 |b H979 
100 |a Huth, Michael 
245 0 |a Secure communicating systems : 
245 0 |b Design, analysis, and implementation 
245 0 |c Michael R A Huth 
260 |a Cambridge UK 
260 |b Cambridge University Press 
260 |c 2001 
520 |a This volume details what every computer scientist ought to know about cryptographic systems, security protocols, and secure information flow in programs. Highlights include discussions of the new advanced encryption standard "Rijndael"; an optimal public-key encryption using RSA which turns "textbook RSA" into a practical implementation; standard security models for information flow in computer programs or human organizations; and moral, legal, and political issues. 
650 |a Telecommunication,Viễn thông 
650 |x Biện pháp an ninh 
650 |z Security measures 
904 |i Trọng Hiếu 
980 |a Trung tâm Học liệu Trường Đại học Cần Thơ